| Tag |
First Indicator |
Second Indicator |
Subfields |
| LEADER |
00000cam a2200000 a 4500 |
| 001 |
in00000925621 |
| 005 |
20150924210304.0 |
| 008 |
900726m19899999dcu f00010 eng d |
| 010 |
|
|
|a gp 90016024
|
| 035 |
|
|
|a (OCoLC)22147309
|
| 035 |
|
|
|9 AER1427AM
|
| 037 |
|
|
|a PIN:015565-000
|b DA
|
| 040 |
|
|
|a GPO
|c GPO
|d UtOrBLW
|
| 043 |
|
|
|a n-us---
|
| 074 |
|
|
|a 323
|
| 086 |
0 |
|
|a D 101.9:385-42/980
|
| 110 |
1 |
|
|a United States.
|b Department of the Army.
|
| 245 |
1 |
0 |
|a Investigation of NATO nation aircraft or missile accidents and incidents :
|b safety.
|
| 264 |
|
1 |
|a Washington, DC :
|b Headquarters, Dept. of the Army,
|c [1989-]
|
| 300 |
|
|
|a 1 volume (loose-leaf) ;
|c 27 cm.
|
| 336 |
|
|
|a text
|b txt
|2 rdacontent
|
| 337 |
|
|
|a unmediated
|b n
|2 rdamedia
|
| 338 |
|
|
|a volume
|b nc
|2 rdacarrier
|
| 490 |
1 |
|
|a Army regulation ;
|v no. 385-42
|
| 500 |
|
|
|a Caption title.
|
| 500 |
|
|
|a "Supersedes AR 385-42, 7 March 1974"--P. 1.
|
| 500 |
|
|
|a Shipping list number: 89-435-P.
|
| 500 |
|
|
|a "15 May 1980."
|
| 610 |
1 |
0 |
|a United States.
|b Army
|x Aviation
|x Safety measures.
|
| 650 |
|
0 |
|a Aeronautics, Military
|z United States
|x Accidents
|x Investigation.
|
| 810 |
1 |
|
|a United States.
|b Department of the Army.
|t Army regulation ;
|v no. 385-42.
|
| 999 |
|
|
|a MARS
|
| 999 |
f |
f |
|s 5633550a-720e-35b7-901e-fe744e192526
|i 176cdf6a-4be9-3d35-8c88-9ced4d5e2e60
|t 0
|
| 952 |
f |
f |
|p normal
|a Texas A&M University
|b College Station
|c Sterling C. Evans Library
|d Evans: US Documents (Annex 5th floor)
|t 0
|e D 101.9: 381-10/2-385-69
|h Superintendent of Documents classification
|i unmediated -- volume
|m A14838321437
|
| 952 |
f |
f |
|a Texas A&M University
|b College Station
|c Sterling C. Evans Library
|d Evans: US Documents (Annex 5th floor)
|t 0
|e D 101.9: 381-10/2-385-69
|h Superintendent of Documents classification
|
| 998 |
f |
f |
|a D 101.9: 381-10/2-385-69
|s 381-10/2,381-12,381-19,381-45,385-10-385-11,385-15,385-40,385-42,385-60,385-61-385-64,385-69
|t 0
|l Evans: US Documents (Annex 5th floor)
|